Kvety trópov

Bibliographic Details
Main Author: Němec, Pavel, 1912-1987 (Author)
Format: Article
Language:Slovak

MARC

LEADER 00000nab a2200000 a 4500
001 vtls011102781
003 SK-MaSNL
005 20260303150108.0
008 230222|1962 xo |||||||||||||||||slo|
015 |a SNBRB 
035 |a (uuid)b6fb2ea0-fc34-419e-8f59-dac303a586c8 
035 |a (urnnbn)urn:nbn:sk:snk:ar-a082lp 
035 |a urn:nbn:sk:snk-ab99cz 
040 |a SNKBUCL  |b slo  |c SNKBUCL  |e AACR2 
041 0 |a slo 
044 |a xo  |c SK 
100 1 |a Němec, Pavel,  |d 1912-1987  |4 aut  |9 161099 
245 1 0 |a Kvety trópov  |c Pavel Nemec 
773 0 |t Svet vedy : populárnovedecký mesačník SAV a Čs. spoločnosti pre šírenie politických a vedeckých poznatkov  |g Roč. 9, č. 9 (1962), s. 547-[548b] 
954 |a odborná, vedecká literatúra pôvodná (slovenská)  |2 lita 
958 |a OND 
958 |a EUIPO 
958 |a article13 
999 |c 2007677  |d 2009607